Химия и физикохимия координационных соединений. Вопросы химии и химической технологии: межвузовский сборник

Manylion Llyfryddiaeth
Awdur Corfforaethol: Кишиневский государственный университет (КГУ)
Awduron Eraill: Самусь Н. М. Нина Михайловна (редактор)
Iaith:Rwseg
Cyhoeddwyd: Кишинев, Штиинца, 1984
Pynciau:
Fformat: Llyfr
KOHA link:https://koha.lib.tpu.ru/cgi-bin/koha/opac-detail.pl?biblionumber=295535

MARC

LEADER 00000nam0a2200000 4500
001 295535
005 20231102000823.0
020 |a RU  |b 84-16883 
035 |a (RuTPU)RU\TPU\book\320623 
090 |a 295535 
100 |a 20150523d1984 km y0rusy5003 ca 
101 0 |a rus 
102 |a MD 
105 |a a z 001zy 
200 1 |a Химия и физикохимия координационных соединений. Вопросы химии и химической технологии  |e межвузовский сборник  |f Кишиневский государственный университет (КГУ) ; под ред. Н. М. Самусь 
210 |a Кишинев  |c Штиинца  |d 1984 
215 |a 151 с.  |c ил. 
320 |a Библиография в конце статей 
606 1 |a Комплексные соединения  |2 stltpush  |3 (RuTPU)RU\TPU\subj\15019  |9 41320 
610 1 |a химия 
610 1 |a физическая химия 
610 1 |a химическая технология 
610 1 |a применение 
610 1 |a методы 
610 1 |a равновесие 
610 1 |a комплексообразование 
675 |a 546-386  |v 3 
702 1 |a Самусь  |b Н. М.  |g Нина Михайловна  |4 340 
712 0 2 |a Кишиневский государственный университет (КГУ)  |c (1946-1990)  |2 stltpush  |3 (RuTPU)RU\TPU\col\7401 
801 0 |a RU  |b RuMRKP  |c 19950704  |g psbo 
801 1 |a RU  |b 63413507  |c 20150523 
801 2 |a RU  |b 63413507  |c 20181112  |g RCR 
942 |c BK